01594nam a2200313 a 450000100100000000500170001000800410002702000180006804000250008608200200011124500280013126000410015930000360020049000250023650400310026150501290029265100800042165100890050165100900059065100790068065000520075983000290081191000390084004900090087995201330088895201180102195201240113999900170126300002534420200930023725.0110215s2003 dr ac 000 0 spa d a9993483489824 aDO-SdBNPbspacBNPHU a972.9382bS194p00aSan Pedro de Macorís. aSanto Domingo :bBanreservas,c2003. a104 p. :bil., retrs. ;c26 cm.1 aFragmentos de patria aBibliografía: p. 103-1042 tGeografía --tHistoria --tPoblación --tDeportes --tEconomía -tTurismo --tCultura --tSociedades --tProyecciones. 4aSan Pedro De Macorís (República Dominicana{Rpara}xHistoria Local97812 4aSan Pedro De Macorís (República Dominicana{Rpara}xDescripciones Y Viajes951898 4aSan Pedro De Macorís (República Dominicana{Rpara}xVida Social Y Costumbres97813 4aSan Pedro De Macorís (República Dominicana{Rpara}xBiografías924875 4aCiudades y puebloszRepública Dominicana9784 0aFragmentos Patria951899 aValidado. Control de calidad BNPHU aBNPD 001054708DSaGRbGRcHDd2011-02-15iLF1l0o972.9382 S194pp25344-30r2020-06-25te. 3w2020-06-25yLFDSZPréstamo en sala 0010718PDaPDbPDcHDd2011-02-15iLF1l0o972.9382 S194pp25344-10r2020-06-25w2020-06-25yLFPDZNo se presta 0010718PDaPDbPDcHDd2011-02-15iLF1l0o972.9382 S194pp25344-20r2020-06-25te. 2w2020-06-25yLFPDZNo se presta c24836d24836